<?xml version="1.0" encoding="UTF-8"?>
<record
    xmlns:xsi="http://www.w3.org/2001/XMLSchema-instance"
    xsi:schemaLocation="http://www.loc.gov/MARC21/slim http://www.loc.gov/standards/marcxml/schema/MARC21slim.xsd"
    xmlns="http://www.loc.gov/MARC21/slim">

  <leader>00619nam a2200205 i 4500</leader>
  <controlfield tag="001">83121</controlfield>
  <controlfield tag="003">BD-RjUL</controlfield>
  <controlfield tag="005">20240220121804.0</controlfield>
  <controlfield tag="008">240220s1962    ir a     a    001 0 per |</controlfield>
  <datafield tag="035" ind1=" " ind2=" ">
    <subfield code="a">(BD-RjUL)83121</subfield>
  </datafield>
  <datafield tag="040" ind1=" " ind2=" ">
    <subfield code="a">HAI</subfield>
    <subfield code="b">ara</subfield>
    <subfield code="e">rda</subfield>
    <subfield code="c">BD-RjUL</subfield>
  </datafield>
  <datafield tag="041" ind1="0" ind2=" ">
    <subfield code="a">per</subfield>
  </datafield>
  <datafield tag="082" ind1=" " ind2=" ">
    <subfield code="2">23</subfield>
    <subfield code="a">891.553</subfield>
    <subfield code="b">FIU 1962</subfield>
  </datafield>
  <datafield tag="100" ind1="0" ind2=" ">
    <subfield code="a">&#x641;&#x631;&#x62F;&#x648;&#x633;&#x649;, Firdaws&#x12B;.</subfield>
    <subfield code="e">&#x645;&#x624;&#x644;&#x641;</subfield>
    <subfield code="9">612</subfield>
  </datafield>
  <datafield tag="245" ind1="1" ind2="0">
    <subfield code="a">&#x64A;&#x648;&#x633;&#x641; &#x648; &#x632;&#x644;&#x64A;&#x62E;&#x627; : Y&#x16B;suf Zulaykh&#x101; /</subfield>
    <subfield code="c">:&#x641;&#x631;&#x62F;&#x648;&#x633;&#x649;. / Firdaws&#x12B;.</subfield>
  </datafield>
  <datafield tag="264" ind1=" " ind2="1">
    <subfield code="a">Kanpure :</subfield>
    <subfield code="b">&#x627;&#x646;&#x62A;&#x634;&#x627;&#x631;&#x627;&#x62A; &#x622;&#x641;&#x631;&#x64A;&#x646;&#x634;&#x60C;</subfield>
    <subfield code="c">1962</subfield>
  </datafield>
  <datafield tag="300" ind1=" " ind2=" ">
    <subfield code="a">123 &#x635;&#x641;&#x62D;&#x629; :</subfield>
    <subfield code="c">25 &#x633;&#x645;</subfield>
  </datafield>
  <datafield tag="650" ind1=" " ind2=" ">
    <subfield code="a">Fersian Literature</subfield>
    <subfield code="9">11827</subfield>
  </datafield>
  <datafield tag="942" ind1=" " ind2=" ">
    <subfield code="2">ddc</subfield>
    <subfield code="c">BK</subfield>
  </datafield>
  <datafield tag="999" ind1=" " ind2=" ">
    <subfield code="c">83121</subfield>
    <subfield code="d">83121</subfield>
  </datafield>
  <datafield tag="952" ind1=" " ind2=" ">
    <subfield code="0">0</subfield>
    <subfield code="1">0</subfield>
    <subfield code="2">ddc</subfield>
    <subfield code="4">0</subfield>
    <subfield code="7">1</subfield>
    <subfield code="8">NFIC</subfield>
    <subfield code="a">RUCL</subfield>
    <subfield code="b">RUCL</subfield>
    <subfield code="c">Reading</subfield>
    <subfield code="d">2024-02-20</subfield>
    <subfield code="l">0</subfield>
    <subfield code="o">F 891.553 FIU 1962</subfield>
    <subfield code="r">2024-02-20 00:00:00</subfield>
    <subfield code="t">C-1</subfield>
    <subfield code="w">2024-02-20</subfield>
    <subfield code="y">BK</subfield>
  </datafield>
</record>
